000 00628nam a2200205Ia 4500
005 20260429112001.0
008 260429s9999||||xx |||||||||||||| ||und||
020 _a9798886131406
041 _aEnglish
082 _a660
_bOLO
100 _aOloman, Colin
245 0 _aMaterial and energy balances :
_bfor engineers and environmentalists /
_cColin Oloman
250 _a2nd ed.
260 _aSingapore :
_bWorld Scientific Publishing,
_c2025.
300 _axxxii, 403 p.; pbk
440 _aAdvances in chemical and process engineering; v.3
650 _a Energy balances
650 _aChemical engineering
942 _cTB
999 _c51745
_d51745